| 000 | 00544nam a22001817a 4500 | ||
|---|---|---|---|
| 003 | OSt | ||
| 005 | 20140310181904.0 | ||
| 008 | 130711t xxu||||| |||| 00| 0 eng d | ||
| 020 | _a9781843220787 | ||
| 050 |
_aAG 5 _b.Il29 2001 |
||
| 082 |
_aREF 550 _bIl6 2001 |
||
| 245 |
_aIllustrated dictionary : _ba complete reference guide with over 400 colour illustrations and photographs. / |
||
| 260 |
_aItaly : _bIsland Books, _cc2001. |
||
| 300 |
_a256 p. : _bcol. ill. ; _c23 cm. |
||
| 541 | _j1 | ||
| 562 | _e1 | ||
| 942 |
_2lcc _cBK-GR _kREF |
||
| 999 |
_c6148 _d6148 |
||